[Event "IECC CL3-2005.07 email"]
[Site "IECC email"]
[Date "2005.07.04"]
[Round "?"]
[White "Ducci, Roberto"]
[Black "Allen, Richard G"]
[Result "1-0"]
[WhiteElo "1894"]
[BlackElo "1951"]
[PlyCount "46"]
[EventDate "2005.??.??"]
[EventType "tourn (corr)"]
[EventRounds "4"]
[SourceTitle "Corr 2015"]
[Source "ChessBase"]
[SourceDate "2015.07.17"]
[SourceVersion "1"]
[SourceVersionDate "2015.07.17"]
[SourceQuality "1"]

1. e4 c5 2. Nc3 d6 3. f4 Nc6 4. Nf3 Nf6 5. Bb5 Bd7 6. e5 dxe5 7. fxe5 Ng4 8. Bxc6 Bxc6 9. e6 fxe6 10. d3 h6 11. Qe2 Qd6 12. Ne4 Qc7 13. Nh4 Nf6 14. Ng6 Rg8 15. 0-0 Nxe4 16. dxe4 0-0-0 17. Bf4 Qa5 18. Rad1 Rxd1 19. Rxd1 Qb6 20. Qf3 Be8 21. Qc3 c4+ 22. Kh1 Qb5 23. a4 Qc5 1-0

[Event "IECC CL2-2003.17 email"]
[Site "IECC email"]
[Date "2003.05.09"]
[Round "?"]
[White "Balje, Jan"]
[Black "Allen, Richard G"]
[Result "1/2-1/2"]
[WhiteElo "2122"]
[BlackElo "1964"]
[PlyCount "121"]
[EventDate "2003.??.??"]
[EventType "tourn (corr)"]
[EventRounds "4"]
[SourceTitle "Corr 2008"]
[Source "ChessBase"]
[SourceDate "2008.06.24"]
[SourceVersion "1"]
[SourceVersionDate "2008.06.24"]
[SourceQuality "1"]

1. d4 d5 2. c4 e6 3. g3 Nf6 4. Bg2 dxc4 5. Nf3 a6 6. 0-0 Nc6 7. e3 Bd7 8. Nc3 Rb8 9. Ne5 Na5 10. Qe2 b5 11. Rd1 Be7 12. e4 0-0 13. d5 exd5 14. Nxd5 Nxd5 15. Rxd5 Bd6 16. Nxd7 Qxd7 17. Qd2 c3 18. Qxc3 c6 19. Rxd6 Qxd6 20. Qxa5 Qd1+ 21. Bf1 Rbe8 22. Qc3 Rxe4 23. Bh6 Qd4 24. Qxd4 Rxd4 25. Be3 Rg4 26. Rc1 Rg6 27. Bg2 Rc8 28. Be4 Rd6 29. Bf4 Rf6 30. Be5 Rh6 31. Bf5 Re8 32. Bf4 Rf6 33. Bd7 Re2 34. Bxc6 g5 35. Bxg5 Rfxf2 36. Bd5 Rxb2 37. Rc8+ Kg7 38. Be3 Rfc2 39. Bd4+ Kh6 40. Rxc2 Rxc2 41. Bxf7 Kg5 42. Bb3 Re2 43. Bf2 Kf5 44. Bb6 Ke4 45. Ba5 Rb2 46. Bb4 Kf3 47. Bd5+ Kg4 48. a3 Rb1+ 49. Kf2 Rb2+ 50. Ke3 Rxh2 51. Bf3+ Kg5 52. Kd4 Ra2 53. Be7+ Kf5 54. Bc6 Kg4 55. Bd6 Rd2+ 56. Kc5 Rd3 57. Bd7+ Kg5 58. Kc6 h5 59. Be7+ Kh6 60. g4 h4 61. Bxh4 1/2-1/2

[Event "IECC M email"]
[Site "IECC email"]
[Date "2003.02.20"]
[Round "?"]
[White "Hoefer, Hans Peter"]
[Black "Allen, Richard G"]
[Result "1/2-1/2"]
[WhiteElo "2055"]
[BlackElo "2009"]
[PlyCount "61"]
[EventDate "2003.??.??"]
[EventType "tourn (corr)"]
[EventRounds "6"]
[SourceTitle "Corr 2008"]
[Source "ChessBase"]
[SourceDate "2008.06.24"]
[SourceVersion "1"]
[SourceVersionDate "2008.06.24"]
[SourceQuality "1"]

1. e4 c5 2. Nf3 d6 3. d4 cxd4 4. Nxd4 Nf6 5. Nc3 a6 6. Bg5 e6 7. f4 Qb6 8. Nb3 Nbd7 9. Qf3 Be7 10. Rd1 Qc7 11. a3 b5 12. Be2 Bb7 13. 0-0 0-0 14. Qe3 h6 15. Bh4 Ng4 16. Bxg4 Bxh4 17. Bf3 Rac8 18. e5 d5 19. Nd4 Be7 20. Be2 Nb6 21. Qg3 Bc5 22. Kh1 Nd7 23. Bg4 Rce8 24. Qf3 Nb6 25. Nce2 Nd7 26. c3 Bb6 27. Qg3 Nc5 28. Bf3 Ne4 29. Qg4 Rd8 30. Ng3 Kh8 31. Be2 1/2-1/2

[Event "IECC KO email"]
[Site "IECC email"]
[Date "2002.11.07"]
[Round "?"]
[White "Allen, Richard G"]
[Black "Cehajic, Mustafa"]
[Result "0-1"]
[WhiteElo "1977"]
[BlackElo "2047"]
[PlyCount "116"]
[EventDate "2002.??.??"]
[EventType "tourn (corr)"]
[EventRounds "6"]
[SourceTitle "Corr 2008"]
[Source "ChessBase"]
[SourceDate "2008.06.24"]
[SourceVersion "1"]
[SourceVersionDate "2008.06.24"]
[SourceQuality "1"]

1. Nf3 Nf6 2. d4 d5 3. g3 e6 4. Bg2 c5 5. 0-0 cxd4 6. Nxd4 Nbd7 7. Nf3 Qc7 8. Nc3 Bc5 9. e3 0-0 10. Nb5 Qb8 11. b3 a6 12. Nc3 b5 13. Bb2 Bb7 14. a3 Qc7 15. Nd4 Rac8 16. f4 Bb6 17. Qe2 Rfe8 18. Rad1 e5 19. fxe5 Qxe5 20. Rfe1 Rc7 21. Bh3 Qg5 22. Nf5 g6 23. Nd4 Ne5 24. Kh1 Neg4 25. Bxg4 Nxg4 26. h4 Qh5 27. Qf3 g5 28. Rd2 Re5 29. Kg1 gxh4 30. Nd1 Rg5 31. Rg2 h3 32. Rge2 Qg6 33. Kh1 Bxd4 34. exd4 Rxc2 35. Rxc2 Qxc2 36. Qe2 Qxe2 37. Rxe2 Rf5 38. Re1 Rf3 39. b4 Bc8 40. Bc1 Bf5 41. Ne3 Rf2 42. Nxg4 Bxg4 43. Kg1 Rc2 44. Rf1 Be2 45. Rf4 Rxc1+ 46. Kh2 Bf1 47. g4 Rc2+ 48. Kg3 Rc3+ 49. Kh2 Bg2 50. Rf6 Rxa3 51. g5 Kg7 52. Rh6 Ra4 53. Rb6 Rxb4 54. Rxa6 Rxd4 55. Kg3 Rd3+ 56. Kh2 b4 57. Ra2 b3 58. Rf2 Kg6 0-1

[Event "IECC KO email"]
[Site "IECC email"]
[Date "2002.10.21"]
[Round "?"]
[White "Allen, Richard G"]
[Black "Kek, Wei Chuan"]
[Result "1-0"]
[WhiteElo "1952"]
[BlackElo "2033"]
[PlyCount "73"]
[EventDate "2002.??.??"]
[EventType "tourn (corr)"]
[EventRounds "6"]
[SourceTitle "Corr 2008"]
[Source "ChessBase"]
[SourceDate "2008.06.24"]
[SourceVersion "1"]
[SourceVersionDate "2008.06.24"]
[SourceQuality "1"]

1. d4 Nf6 2. c4 g6 3. Nc3 d5 4. Nf3 Bg7 5. Qa4+ Bd7 6. Qb3 dxc4 7. Qxc4 0-0 8. e4 b5 9. Nxb5 Nxe4 10. Qxc7 Nc6 11. Bd3 Nb4 12. Bxe4 Bxb5 13. Qxd8 Raxd8 14. Bd2 Nd3+ 15. Bxd3 Bxd3 16. Be3 Be4 17. Rd1 Bxf3 18. gxf3 Rd5 19. Ke2 f5 20. f4 e6 21. Rd3 Rb8 22. Rb1 a5 23. b3 a4 24. b4 Rdb5 25. a3 Rc8 26. Kd2 Rd5 27. Rc1 Rxc1 28. Kxc1 e5 29. fxe5 Bxe5 30. f4 Bf6 31. Kd2 Kf7 32. Kc3 Ke6 33. Kc4 Bd8 34. Bf2 Bc7 35. Re3+ Kd6 36. b5 Bb6 37. Re5 1-0

[Event "SEMI A037 email"]
[Site "SEMI email"]
[Date "2002.08.26"]
[Round "?"]
[White "Hilton, Stephen H"]
[Black "Allen, Richard G"]
[Result "0-1"]
[WhiteElo "1835"]
[BlackElo "1839"]
[PlyCount "36"]
[EventDate "2002.08.26"]
[EventType "tourn (corr)"]
[EventRounds "5"]
[EventCountry "ITA"]
[SourceTitle "Telechess CBM 097"]
[Source "ChessBase"]
[SourceDate "2003.11.11"]
[SourceVersion "1"]
[SourceVersionDate "2003.11.11"]
[SourceQuality "1"]

1. d4 d5 2. c4 e6 3. Nf3 Nf6 4. Nc3 c5 5. cxd5 Nxd5 6. e4 Nxc3 7. bxc3 cxd4 8. cxd4 Nc6 9. Be3 f5 10. exf5 exf5 11. Bc4 b5 12. Bb3 Bb4+ 13. Kf1 Qd6 14. Qe2 Bd7 15. g3 Qe7 16. Kg2 Rb8 17. Rhd1 f4 18. gxf4 Bg4 0-1

[Event "IECC CL3-2002.23"]
[Site "IECC email"]
[Date "2002.07.12"]
[Round "?"]
[White "Allen, Richard G"]
[Black "Cehajic, Mustafa"]
[Result "1/2-1/2"]
[WhiteElo "1891"]
[BlackElo "1806"]
[PlyCount "104"]
[EventDate "2002.??.??"]
[EventType "tourn (corr)"]
[EventRounds "4"]
[SourceTitle "Corr 2008"]
[Source "ChessBase"]
[SourceDate "2008.06.24"]
[SourceVersion "1"]
[SourceVersionDate "2008.06.24"]
[SourceQuality "1"]

1. d4 d5 2. Nf3 Nf6 3. c4 dxc4 4. e3 Be6 5. Na3 Bd5 6. Nxc4 e6 7. Be2 c5 8. 0-0 Nc6 9. b3 Qc7 10. Bb2 Rd8 11. Rc1 Be7 12. Nce5 cxd4 13. exd4 Bd6 14. Bb5 0-0 15. Re1 a6 16. Bf1 Qa5 17. a4 Bb4 18. Re2 Bxf3 19. Nxf3 Qb6 20. Re3 Bd6 21. Re1 Bf4 22. Ra1 e5 23. Bc4 e4 24. g3 Bh6 25. Nd2 Bxd2 26. Qxd2 Nxd4 27. Bxd4 Rxd4 28. Qe2 Rfd8 29. Rad1 Rxd1 30. Rxd1 Rxd1+ 31. Qxd1 h6 32. Qd2 a5 33. Qf4 g5 34. Qf5 Kg7 35. Qe5 Qd8 36. h3 b6 37. Kg2 Kg6 38. g4 Kg7 39. Kg1 Qd1+ 40. Kh2 Qf3 41. Qd4 Qf4+ 42. Kh1 Qc7 43. Kg1 Qc5 44. Qc3 Kg6 45. Qd2 Ne8 46. Qd8 Nd6 47. Bf1 Kg7 48. Kg2 Qc6 49. Kg1 Nb7 50. Qd4+ Kg8 51. Bc4 Nc5 52. Bd5 Qd7 1/2-1/2

[Event "IECC M email"]
[Site "IECC email"]
[Date "2002.06.22"]
[Round "?"]
[White "Hoefer, Hans Peter"]
[Black "Allen, Richard G"]
[Result "0-1"]
[WhiteElo "2085"]
[BlackElo "1866"]
[PlyCount "80"]
[EventDate "2002.??.??"]
[EventType "tourn (corr)"]
[EventRounds "6"]
[SourceTitle "Corr 2008"]
[Source "ChessBase"]
[SourceDate "2008.06.24"]
[SourceVersion "1"]
[SourceVersionDate "2008.06.24"]
[SourceQuality "1"]

1. e4 c5 2. Nf3 d6 3. d4 cxd4 4. Nxd4 Nf6 5. Nc3 g6 6. Be3 Bg7 7. f3 0-0 8. Qd2 Nc6 9. 0-0-0 d5 10. exd5 Nxd5 11. Nxc6 bxc6 12. Nxd5 cxd5 13. Qxd5 Qc7 14. Qxa8 Bf5 15. Qxf8+ Kxf8 16. Rd2 Qb8 17. b3 e6 18. Bc5+ Kg8 19. Bd6 Qb6 20. Bf4 Bf6 21. Bh6 Qa5 22. Kd1 Qxa2 23. g3 Qb1+ 24. Ke2 Bxc2 25. Bg2 Qb2 26. b4 Bd4 27. h4 a5 28. Rb1 Qxb1 29. Rxd4 f6 30. Rd8+ Kf7 31. bxa5 Qb5+ 32. Kf2 g5 33. Rc8 Bd3 34. hxg5 fxg5 35. Kg1 Qxa5 36. Kh2 Qa2 37. Kg1 Qa7+ 38. Kh2 Qf2 39. Rc1 Kg6 40. Bf8 h5 0-1

[Event "IECC CL3-2002.17"]
[Site "IECC email"]
[Date "2002.05.09"]
[Round "?"]
[White "Shchepetnev, Vasiliy"]
[Black "Allen, Richard G"]
[Result "0-1"]
[WhiteElo "1935"]
[BlackElo "1867"]
[PlyCount "74"]
[EventDate "2002.??.??"]
[EventType "tourn (corr)"]
[EventRounds "4"]
[SourceTitle "Corr 2008"]
[Source "ChessBase"]
[SourceDate "2008.06.24"]
[SourceVersion "1"]
[SourceVersionDate "2008.06.24"]
[SourceQuality "1"]

1. e4 d6 2. d4 Nf6 3. Nc3 g6 4. Nf3 Bg7 5. Be2 0-0 6. Be3 b6 7. Qd2 Bb7 8. d5 c6 9. 0-0-0 cxd5 10. exd5 a6 11. Bh6 Nbd7 12. Bxg7 Kxg7 13. h4 h5 14. Nh2 b5 15. g4 b4 16. g5 bxc3 17. Qxc3 Qc8 18. gxf6+ Nxf6 19. Rhg1 Qxc3 20. bxc3 Bxd5 21. Bxh5 Bxa2 22. Bf3 Rac8 23. Rge1 Be6 24. Re3 Rh8 25. Rd4 Rc4 26. Be2 Rxd4 27. cxd4 Rxh4 28. Nf3 Rh1+ 29. Kd2 Ng4 30. Ra3 Nxf2 31. Bxa6 Kf6 32. Ke2 Nh3 33. c3 g5 34. Ra5 g4 35. Nd2 Kg6 36. Bb7 Rh2+ 37. Ke1 Nf4 0-1

[Event "IECC CL3-2002.17"]
[Site "IECC email"]
[Date "2002.05.09"]
[Round "?"]
[White "Williams, Derek"]
[Black "Allen, Richard G"]
[Result "1-0"]
[WhiteElo "1667"]
[BlackElo "1891"]
[PlyCount "119"]
[EventDate "2002.??.??"]
[EventType "tourn (corr)"]
[EventRounds "4"]
[SourceTitle "Corr 2008"]
[Source "ChessBase"]
[SourceDate "2008.06.24"]
[SourceVersion "1"]
[SourceVersionDate "2008.06.24"]
[SourceQuality "1"]

1. e4 d6 2. d4 Nf6 3. Nc3 g6 4. Nf3 Bg7 5. e5 dxe5 6. Nxe5 Nbd7 7. Bc4 0-0 8. 0-0 Nxe5 9. dxe5 Ng4 10. f4 c6 11. Qxd8 Rxd8 12. h3 Nh6 13. Be3 Nf5 14. Bf2 b5 15. Bd3 Be6 16. Bc5 Rd7 17. a4 b4 18. Bxb4 Rb8 19. Ba3 Ne3 20. Rfe1 Nd5 21. Nxd5 cxd5 22. g4 Rdb7 23. Rad1 Bh6 24. f5 gxf5 25. gxf5 Bd7 26. b3 Bg5 27. Bc5 Rc7 28. Be3 h6 29. Rd2 Kh8 30. Rg2 Rg8 31. Bd4 Bc6 32. c3 e6 33. Rf1 Rb7 34. Bc2 a6 35. Rf3 Rbb8 36. Rfg3 Rge8 37. h4 Bc1 38. Rg7 Rg8 39. Rxf7 Bd2 40. Rxg8+ Rxg8+ 41. Kf2 Rg7 42. Rf6 Rc7 43. Rxe6 Bd7 44. Rxa6 Bxc3 45. Rxh6+ Kg7 46. Rg6+ Kh8 47. Bb6 Rb7 48. e6 Be8 49. Rg3 Bf6 50. Be3 d4 51. Bg5 Be5 52. Rg4 d3 53. Bxd3 Rxb3 54. Be2 Rb6 55. a5 Rc6 56. a6 Rc8 57. f6 Rc7 58. Bc4 Bg6 59. e7 Bd6 60. Be3 1-0

[Event "IECC CL3-2002.05"]
[Site "IECC email"]
[Date "2002.02.02"]
[Round "?"]
[White "Endean, Andrew"]
[Black "Allen, Richard G"]
[Result "1-0"]
[WhiteElo "2028"]
[BlackElo "1852"]
[PlyCount "144"]
[EventDate "2002.??.??"]
[EventType "tourn (corr)"]
[EventRounds "4"]
[SourceTitle "Corr 2008"]
[Source "ChessBase"]
[SourceDate "2008.06.24"]
[SourceVersion "1"]
[SourceVersionDate "2008.06.24"]
[SourceQuality "1"]

1. d4 d5 2. c4 e6 3. Nc3 c5 4. cxd5 exd5 5. Nf3 Nc6 6. g3 Nf6 7. Bg2 Be7 8. 0-0 0-0 9. Bg5 cxd4 10. Nxd4 h6 11. Be3 Re8 12. Rc1 Bf8 13. Nxc6 bxc6 14. Na4 Bd7 15. Bc5 Bxc5 16. Nxc5 Bf5 17. e3 Rb8 18. Qd2 Qb6 19. b3 Ng4 20. Qc3 Ne5 21. Rfe1 Rbd8 22. Red1 Bg6 23. Rd4 Qc7 24. Rb4 Qc8 25. Rd4 Qc7 26. Rb4 Re7 27. a3 Qc8 28. Rd4 Ree8 29. h3 Bf5 30. Kh2 Re7 31. b4 Rde8 32. e4 dxe4 33. Nxe4 Ng4+ 34. hxg4 Bxe4 35. Bxe4 Rxe4 36. Rxe4 Rxe4 37. Qxc6 Qxg4 38. Qc8+ Qxc8 39. Rxc8+ Kh7 40. Rc7 a5 41. bxa5 Kg6 42. a6 Ra4 43. a7 h5 44. Kg2 Rxa3 45. f4 Kf6 46. Kf2 Kg6 47. Ke2 f5 48. Kd2 Kh6 49. Kc2 Kg6 50. Kb2 Ra5 51. Kb3 Ra1 52. Kc4 Ra5 53. Kb4 Ra1 54. Kb5 Kh7 55. Kb6 Rb1+ 56. Ka6 Ra1+ 57. Kb7 Rb1+ 58. Kc8 Ra1 59. Kb8 Rb1+ 60. Rb7 Re1 61. a8Q Re8+ 62. Ka7 Rxa8+ 63. Kxa8 Kg6 64. Rb6+ Kf7 65. Kb7 Ke7 66. Kc6 Ke6 67. Kc5+ Kf7 68. Kd5 g6 69. Rb7+ Kf6 70. Rc7 g5 71. Rc6+ Kg7 72. fxg5 f4 1-0

[Event "IECG RB.2002.0.00004"]
[Site "IECG email"]
[Date "2002.01.01"]
[Round "?"]
[White "Hort, Wolfgang"]
[Black "Allen, Richard G"]
[Result "1/2-1/2"]
[WhiteElo "995"]
[BlackElo "1169"]
[PlyCount "94"]
[EventDate "2002.01.01"]
[EventType "tourn (corr)"]
[EventRounds "6"]
[SourceTitle "Corr 2008"]
[Source "ChessBase"]
[SourceDate "2008.06.24"]
[SourceVersion "1"]
[SourceVersionDate "2008.06.24"]
[SourceQuality "1"]

1. d4 d5 2. c4 e6 3. Nf3 c5 4. cxd5 exd5 5. Nc3 Nc6 6. g3 Nf6 7. Bg2 Be7 8. 0-0 0-0 9. dxc5 Bxc5 10. Bg5 d4 11. Bxf6 Qxf6 12. Ne4 Qe7 13. Nxc5 Qxc5 14. Rc1 Qb6 15. Qc2 h6 16. a3 Bg4 17. h3 Be6 18. b4 a5 19. Qc5 Qxc5 20. bxc5 Rad8 21. Rfd1 Rfe8 22. Rd2 a4 23. Rb1 Bb3 24. Kf1 f6 25. h4 h5 26. Rdb2 Na5 27. Rc1 Nc4 28. Rxb3 axb3 29. Rxc4 d3 30. e3 d2 31. Nxd2 Rxd2 32. Rb4 b2 33. Bf3 Re5 34. Ke1 Rc2 35. Bd1 Rexc5 36. Rxb7 Rc7 37. Rb5 R7c6 38. a4 R6c5 39. Rb7 Kf8 40. a5 Rc1 41. Rxb2 Rxa5 42. Ke2 Ke7 43. Bc2 Kd6 44. Bg6 Rca1 45. Kf3 Kc7 46. Rc2+ Kd7 47. Rd2+ Ke7 1/2-1/2